Statystyki dla Quiz o utytułowanych Sportowcach! Sprawdź swoją wiedzę!

Kliknij tutaj aby rozwiązać quiz!

Ogólne statystyki

  • Ten quiz został rozwiązany 215 razy
    (137 od ostatniego zresetowania)
  • Średni wynik to 7 z 15

Statystyki odpowiedzi

ZagadnienieOdpowiedź% Poprawnych
Który z tych Polskich Atletów jest najbardziej utytułowanyAnita Włodarczyk
91%
Który z tych Polaków , jako jedyny w historii dotarł do Finału Koszykarskiej NBAMarcin Gortat
83%
Który z Polskich skoczków najwięcej razy sięgnął po medal drużynowyKamil Stoch
77%
Który z podanych tenisistów jest znany także ze streamowania CS:GO oraz dosyć mocnych reakcji po przegranej (Niszczenie klawiatury etc.)Jerzy Janowicz
71%
Który z tych żużlowców ma najwięcej osiągnięć w swojej karierze (Wicemistrzostwa i Brązowe Medale w tym pytaniu także są liczone)Tomasz Gollob
58%
Który z Polskich Siatkarzy NIE ZNALAZŁ się w kadrze na zwycięskie dla Polaków MŚ w Siatkówce w 2018 roku.Rafał Szymura
56%
Który z podanych żywych legend Lecha Poznań oraz posiada własną akademię piłkarską.Piotr Reiss
50%
Który z podanych Polskich Pięściarzy ma najmniej przegranych walk w karierzeTomasz Adamek
42%
Który z podanych piłkarzy ma na koncie najwięcej złotych PiłekMarco Van Basten
39%
Który z tych Polskich Piłkarzy ma na koncie najwięcej tytułów Króla Strzelców Polskiej EkstraklasyMarcin Robak
37%
Który z podanych żużlowców ma na koncie najwięcej indywidualnych występów w Grand Prix( Indywidualnych Mistrzostwach Świata)Greg Hancock
36%
Który z Polskich Hokeistów ma na koncie najwięcej tytułówJan Paszkiewicz
31%
Który z tych piłkarzy ma na swoim koncie najwięcej tytułów Mistrza PolskiTomasz Jodłowiec
20%
Który z tych bardzo utytułowanych żużlowców w 2018 roku zszedł z Najwyższej klasy rozgrywkowej w Polsce do klubu z najniższej Polskiej LigiGreg Hancock
14%
Który z podanych zawodników (Łączone dyscypliny) ma na koncie najwięcej TYTUŁÓW W KARIERZETomasz Gollob
11%

Rozkład punktacji

Percentyl według liczby udzielonych odpowiedzi

Procent ludzi z każdym wynikiem

Twoja historia wyników

Nie rozwiązałeś tego quizu od ostatniego zresetowania